| 000 | 00758cab a2200217 4500 | ||
|---|---|---|---|
| 001 | ABS55460 | ||
| 008 | 090401t1996 xxu||||| |||| 00| 0 eng d | ||
| 035 | _a(Sirsi) u16626 | ||
| 041 | _aeng | ||
| 100 | _aCook, A. | ||
| 245 | _aFlaw plan | ||
| 260 | _c1996 | ||
| 350 | _a0 | ||
| 490 |
_aBuilding _v261(7952) 2 August 1996, 46(1) |
||
| 520 | _aAccording to the BRE`s Construction Quality Forum, 29% of all reported defects are found in Design and Build construction. Graph compares number of reported defects in D&B and in traditional contract forms for different types of properties. | ||
| 650 | _aBUILDING DEFECTS | ||
| 650 | _aDESIGN AND BUILD CONTRACTS | ||
| 690 | _aBUILT ENVIRONMENT-BUILDING PATHOLOGY | ||
| 942 | _n0 | ||
| 948 | _c04/03/1997 | ||
| 999 |
_c10972 _d10972 |
||